000 00476nam a2200121Ia 4500
008 171212s9999 xx 000 0 und d
020 _a9781911307273
100 _aMigayrou, Frédéric
245 _cMigayrou, Frédériceditor Sheil, Bob;Pearson, Luke;Allen, Laura
_aDrawing Futures
_bSpeculations in Contemporary Drawing for Art and Architecture
260 _bUCL Press
_c2016
650 _aArchitecture & Architectural History
856 _uhttp://jstor.org/stable/j.ctt1ht4ws4
999 _c352865
_d352865